The Matabele campaign, 1896 (Record no. 552822)

000 -LEADER
fixed length control field 00616cam a2200145Ka 4500
082 04 - DEWEY DECIMAL CLASSIFICATION NUMBER
Classification number 968.9102
Author Mark BAD
100 1# - MAIN ENTRY--PERSONAL NAME
Personal name Baden-Powell of Gilwell, Robert Stephenson Smyth Baden-Powell,
9 (RLIN) 50066
245 14 - TITLE STATEMENT
Title The Matabele campaign, 1896
Remainder of title being a narrative of the campaign in supressing the native rising in Matabeleland and Mashonaland /
Statement of responsibility, etc. by R.S.S. Baden-Powell.
260 ## - PUBLICATION, DISTRIBUTION, ETC.
Place of publication, distribution, etc. London :
Name of publisher, distributor, etc. Methuen,
Date of publication, distribution, etc. 1897.
300 ## - PHYSICAL DESCRIPTION
Extent 1 online resource (500 p.) :
Other physical details ill., maps
526 ## - STUDY PROGRAM INFORMATION NOTE
Program name 0
Interest level 0
Reading level 0
Title point value 968_910200000000000_BAD
650 ## - SUBJECT ADDED ENTRY--TOPICAL TERM
Topical term or geographic name entry element MCE
9 (RLIN) 379
856 40 - ELECTRONIC LOCATION AND ACCESS
Uniform Resource Identifier <a href="http://catalog.hathitrust.org/api/volumes/oclc/3911577.html">http://catalog.hathitrust.org/api/volumes/oclc/3911577.html</a>
942 ## - ADDED ENTRY ELEMENTS (KOHA)
Source of classification or shelving scheme
Koha item type Book
Holdings
Withdrawn status Lost status Source of classification or shelving scheme Damaged status Not for loan Permanent Location Current Location Shelving location Date acquired Total Checkouts Full call number Barcode Date last seen Price effective from Koha item type
          Military College of Engineering (MCE) Military College of Engineering (MCE)   01/23/2015   968.9102 BAD MCE-ECM/81 01/23/2015 01/23/2015 Book
© 2023 Central Library, National University of Sciences and Technology. All Rights Reserved.